Pure mathematics for Pre-Beginners : an elementary Introduction to logic, set theory, abstract algebra, number theory, real analysis, topology, complex analysis, and linear algebra.

Αποθηκεύτηκε σε:
Λεπτομέρειες βιβλιογραφικής εγγραφής
Κύριος συγγραφέας: Warner, Steve (Steven J.)
Μορφή: Βιβλίο
Γλώσσα:English
Δημοσίευση: Torrazza Pienmonte : Amazon Italia Logistica, c2019.
Θέματα:
Ετικέτες: Προσθήκη ετικέτας
Δεν υπάρχουν, Καταχωρήστε ετικέτα πρώτοι!

MARC

LEADER 00000cam a2200000 a 4500
001 1/125401
008 220921t2019####it | ||| |||| ||eng||
020 |a 9781951619091 
040 |a GR-MyUa  |b gre  |c GR-MyUa  |e AACR2 
041 0 |a eng 
082 7 |a 514   |2 (23) 
100 1 |a Warner, Steve  |b (Steven J.) 
245 1 0 |a Pure mathematics for Pre-Beginners :   |b an elementary Introduction to logic, set theory, abstract algebra, number theory, real analysis, topology, complex analysis, and linear algebra.   |c Steve Warner.  
260 |a Torrazza Pienmonte :   |b Amazon Italia Logistica,   |c c2019.  
300 |a vi, 187 σ. :   |b εικ. ;   |c 28 εκ.  
504 |a Περιέχει eυρετήριο.  
650 0 |a Topology. 
650 0 |a Logic, Symbolic and mathematical. 
650 0 |a Set theory  |x Problems, exercises, etc. 
650 0 |a Algebra, Abstract  |x Problems, exercises, etc. 
650 0 |a Algebras, Linear  |x Problems, exercises, etc. 
650 0 |a Topology  |x Problems, exercises, etc. 
852 |a INST  |b SAMOS  |e 20220921  |h 515 WAR  |p 005300047593  |q 005300047593  |t BK  |y 0 
970 |a Γουβάλα  |b Βάσω  |z 21/09/2022